|
|
|
|
| LEADER |
00000nam0a2200000 4500 |
| 001 |
260962 |
| 005 |
20231101233525.0 |
| 010 |
|
|
|a 5120092985
|
| 035 |
|
|
|a (RuTPU)RU\TPU\book\283933
|
| 090 |
|
|
|a 260962
|
| 100 |
|
|
|a 20140520d1988 k y0rusy50 ca
|
| 101 |
0 |
|
|a rus
|
| 102 |
|
|
|a UA
|
| 105 |
|
|
|a a z 001zy
|
| 200 |
1 |
|
|a Обобщенная теория неоднородных по толщине пластин и оболочек
|e монография
|f Л. П. Хорошун [и др.]
|g Академия наук Украинской ССР (АН УССР), Институт механики
|
| 210 |
|
|
|a Киев
|c Наукова думка
|d 1988
|
| 215 |
|
|
|a 152 с.
|c ил.
|
| 320 |
|
|
|a Библиогр.: с. 148-151.
|
| 606 |
1 |
|
|a Оболочки тонкостенные
|x (сопротивление материалов)
|2 stltpush
|3 (RuTPU)RU\TPU\subj\46542
|9 65668
|
| 610 |
1 |
|
|a неоднородные оболочки
|
| 610 |
1 |
|
|a пластины
|
| 610 |
1 |
|
|a неоднородная толщина
|
| 610 |
1 |
|
|a упругость
|
| 610 |
1 |
|
|a трехмерные задачи
|
| 610 |
1 |
|
|a ортотропные пластины
|
| 610 |
1 |
|
|a статика
|
| 610 |
1 |
|
|a динамика
|
| 610 |
1 |
|
|a двумерные задачи
|
| 610 |
1 |
|
|a пластины неоднородной толщины
|
| 610 |
1 |
|
|a движение
|
| 610 |
1 |
|
|a устойчивость
|
| 610 |
1 |
|
|a уточненные уравнения
|
| 610 |
1 |
|
|a слоистые оболочки
|
| 610 |
1 |
|
|a изгиб
|
| 610 |
1 |
|
|a колебания
|
| 675 |
|
|
|a 539.3
|v 3
|
| 701 |
|
1 |
|a Хорошун
|b Л. П.
|g Леонид Петрович
|
| 701 |
|
1 |
|a Козлов
|b С. В.
|g Сергей Васильевич
|
| 701 |
|
1 |
|a Иванов
|b Ю. А.
|g Юрий Анатольевич
|
| 701 |
|
1 |
|a Кошевой
|b И. К.
|g Иван Кириллович
|
| 712 |
0 |
2 |
|a Академия наук Украинской ССР (АН УССР)
|b Институт механики
|c (Киев)
|c (1959-1991)
|2 stltpush
|3 (RuTPU)RU\TPU\col\1205
|
| 801 |
|
1 |
|a RU
|b 63413507
|c 20140520
|
| 801 |
|
2 |
|a RU
|b 63413507
|c 20150424
|g RCR
|
| 942 |
|
|
|c BK
|